| 000 | 01109 a2200217 4500 | ||
|---|---|---|---|
| 005 | 20080904165925.0 | ||
| 008 | 080904t xxu||||| |||| 00| 0 hin d | ||
| 010 | _aHIN-79951 | ||
| 020 |
_c225.00 _a8187725389 |
||
| 035 | _aHN-52297 | ||
| 037 | _bD.B.Act / pub | ||
| 082 | _a370.1 | ||
| 100 | _aपचौली, सत्यप्रकाश | ||
| 245 |
_aशिक्षा के आयाम _cसत्यप्रकाश पचौली |
||
| 246 |
_aShiksha ke Aayam _bBY-Satyaprakash Pacholy |
||
| 260 |
_aबीना _bआदित्य पब्लिशर्स _c2006 |
||
| 270 |
_aजागेश्वरी माता काम्प्लेक्स,पाठक वार्ड _bबीना (म.प्र.) _e470113 _k07580-223644, 9425671742 |
||
| 300 |
_a116पृ _c22 सेमी (सजिल्द) |
||
| 942 |
_adpl _cHN _k370.1 / पचौली _2ddc _h370.1 _mपचौली |
||
| 999 |
_c4270 _d4270 |
||